[Event "ESP-ch (Women)"]
[Site "Padron"]
[Date "2011.08.05"]
[Round "6"]
[White "Juanes Garcia, Olaya"]
[Black "Suarez Sanchez, Esperanza"]
[Result "1/2-1/2"]
[WhiteElo "1735"]
[BlackElo "1795"]
[PlyCount "81"]
[EventDate "2011.08.01"]
[EventType "swiss"]
[EventRounds "7"]
[EventCountry "ESP"]
[SourceTitle "CBM 143 Extra"]
[Source "ChessBase"]
[SourceDate "2011.08.29"]
[SourceVersion "1"]
[SourceVersionDate "2011.08.29"]
[SourceQuality "1"]

1. e4 e6 2. d4 d5 3. e5 c5 4. c3 Nc6 5. Nf3 Qb6 6. a3 Bd7 7. b4 cxd4 8. cxd4 Nh6 9. Nc3 Be7 10. Na4 Qd8 11. Bb2 0-0 12. Bd3 Nf5 13. Rc1 g6 14. Nc5 Bxc5 15. Rxc5 a6 16. h4 b6 17. Rc2 h5 18. Bxf5 exf5 19. Qd2 Kg7 20. Bc1 Rh8 21. 0-0 Qe7 22. Qf4 Nd8 23. Qg3 Ne6 24. Be3 Bb5 25. Rfc1 Bc4 26. Ng5 b5 27. Nxe6+ Qxe6 28. Bg5 Kf8 29. Bf6 Rg8 30. Qg5 Ke8 31. f3 Kd7 32. Kh2 a5 33. Qd2 axb4 34. axb4 Ra4 35. Bg5 Rga8 36. Rb2 Ra3 37. Rc3 R3a4 38. Rc1 Ra3 39. Rc3 R8a4 40. Rbc2 Kc6 41. Rxa3 1/2-1/2

[Event "ESP-ch (Women)"]
[Site "Padron"]
[Date "2011.08.01"]
[Round "1"]
[White "Redondo Arguelles, Graciela"]
[Black "Suarez Sanchez, Esperanza"]
[Result "1-0"]
[WhiteElo "2088"]
[BlackElo "1795"]
[PlyCount "73"]
[EventDate "2011.08.01"]
[EventType "swiss"]
[EventRounds "7"]
[EventCountry "ESP"]
[SourceTitle "CBM 143 Extra"]
[Source "ChessBase"]
[SourceDate "2011.08.29"]
[SourceVersion "1"]
[SourceVersionDate "2011.08.29"]
[SourceQuality "1"]

1. e4 e5 2. Nf3 d6 3. d4 Nd7 4. Bc4 Qe7 5. 0-0 Nb6 6. Bb3 Bg4 7. dxe5 dxe5 8. Qd3 f6 9. a4 Qd6 10. Qe2 0-0-0 11. a5 Bxf3 12. Qxf3 Nd7 13. Rd1 Qc6 14. Nc3 f5 15. Ba4 Qc4 16. Qxf5 Ngf6 17. Bg5 Bd6 18. Bxf6 gxf6 19. Nb5 a6 20. Nxd6+ cxd6 21. Rxd6 Qc7 22. Rad1 Qxa5 23. Rxd7 Rxd7 24. Qxd7+ Kb8 25. Qd6+ Ka7 26. Qxf6 Rc8 27. Bb3 Rc6 28. Qd8 Qb4 29. g3 Rb6 30. Qc7 Qxe4 31. Qc3 Qf5 32. Rd8 Qf6 33. Qc7 Rc6 34. Qd7 Qg6 35. Bd5 Rb6 36. Qc8 Rxb2 37. Qa8+ 1-0

[Event "Parla op 25th"]
[Site "Parla"]
[Date "2010.09.05"]
[Round "2"]
[White "Ramos Aldoradin, John Paul"]
[Black "Suarez Sanchez, Esperanza"]
[Result "1-0"]
[WhiteElo "2126"]
[BlackElo "1853"]
[PlyCount "93"]
[EventDate "2010.09.04"]
[EventType "swiss"]
[EventRounds "9"]
[EventCountry "ESP"]
[SourceTitle "CBM 138 Extra"]
[Source "ChessBase"]
[SourceDate "2010.10.29"]
[SourceVersion "1"]
[SourceVersionDate "2010.10.29"]
[SourceQuality "1"]

1. e4 d6 2. d4 Nd7 3. Nf3 e5 4. Bc4 c6 5. 0-0 Be7 6. dxe5 dxe5 7. Ng5 Nh6 8. Bxf7+ Nxf7 9. Ne6 Qb6 10. Nxg7+ Kf8 11. Ne6+ Ke8 12. Na3 Nf6 13. Nc4 Bxe6 14. Nxb6 axb6 15. Qe2 b5 16. b3 Bc5 17. Be3 Bb4 18. f3 Bc3 19. Rad1 Bb4 20. Qf2 Nd7 21. h3 Ra6 22. Kh2 Kd8 23. Bc5 Bxc5 24. Qxc5 Re8 25. Qc3 Kc7 26. g3 Rxa2 27. Rd2 Raa8 28. f4 exf4 29. gxf4 Nb6 30. Qf6 Rad8 31. Rxd8 Nxd8 32. Rd1 Nd7 33. Qh6 Nf7 34. Qg7 Nd6 35. Qxh7 Bg8 36. Qg7 Rxe4 37. Qxg8 Rxf4 38. Qg3 Rf6 39. h4 Nc5 40. Qg7+ Rf7 41. Qg6 Nce4 42. h5 Rf2+ 43. Kg1 Rf3 44. Qe6 Rf7 45. h6 Rh7 46. Qg6 Rf7 47. h7 1-0

[Event "ESP-ch (Women)"]
[Site "Ciudad Real"]
[Date "2007.10.12"]
[Round "7"]
[White "Fidalgo Garcia, Sandra"]
[Black "Suarez Sanchez, Esperanza"]
[Result "0-1"]
[WhiteElo "2000"]
[BlackElo "1957"]
[PlyCount "56"]
[EventDate "2007.10.08"]
[EventType "swiss"]
[EventRounds "7"]
[EventCountry "ESP"]
[SourceTitle "CBM 120 Extra"]
[Source "ChessBase"]
[SourceDate "2007.11.01"]
[SourceVersion "1"]
[SourceVersionDate "2007.11.01"]
[SourceQuality "1"]

1. d4 Nf6 2. Nf3 g6 3. Bg5 Bg7 4. e3 0-0 5. Bd3 d6 6. Nbd2 c6 7. c3 Re8 8. Qc2 e5 9. 0-0-0 Qc7 10. Bxf6 Bxf6 11. Rhg1 b5 12. g4 b4 13. dxe5 Bxe5 14. c4 d5 15. h4 Nd7 16. h5 Nf8 17. hxg6 fxg6 18. Ng5 Re7 19. f4 Bf6 20. Ndf3 b3 21. axb3 Rxe3 22. cxd5 Qxf4 23. Kb1 Rxd3 24. Nxh7 Nxh7 25. Qxd3 Nf8 26. dxc6 Bxg4 27. Qd5+ Kg7 28. Ne1 Qf5+ 0-1